Universal's handbook on protection of women from domestic violence: (Record no. 4446)

MARC details
000 -LEADER
fixed length control field 00756 a2200205 4500
010 ## - LCCN (DPL NO)
LC control number ENG-86369
020 ## - INTERNATIONAL STANDARD BOOK NUMBER
International Standard Book Number 9788175346239
Terms of availability 325.00
035 ## - SYSTEM CONTROL NUMBER
System control number EN-69902
037 ## - SOURCE OF ACQUISITION
Source of stock number/acquisition DBAD / PUB
082 14 - DEWEY DECIMAL CLASSIFICATION NUMBER
Classification number 345.5401
100 1# - MAIN ENTRY--PERSONAL NAME
Personal name Das, P.K.
245 1# - TITLE STATEMENT
Title Universal's handbook on protection of women from domestic violence:
Statement of responsibility, etc by P.K. Das
Remainder of title acts & rules /
250 ## - EDITION STATEMENT
Edition statement 2nd ed.
260 ## - PUBLICATION, DISTRIBUTION, ETC. (IMPRINT)
Place of publication, distribution, etc Delhi
Name of publisher, distributor, etc Universal Law Publishing
Date of publication, distribution, etc 2007
270 ## - ADDRESS
Address C-FF-1A, Dilkhush Industrial Estate, (Opp. Hans Cinema, Azadpur), G.T. Karnal Road,
City Delhi
State or province New Delhi
Postal code 110 033
Telephone number 011-27438103
Fax number 011-27458529
Electronic mail address sales@unilawbooks.com
300 ## - PHYSICAL DESCRIPTION
Extent xxvi, 558p.
Dimensions 24cm (Pbk.)
500 ## - GENERAL NOTE
General note Includes index
700 ## - ADDED ENTRY--PERSONAL NAME
Personal name Gaurav Kumar
942 ## - ADDED ENTRY ELEMENTS (KOHA)
Institution code [OBSOLETE] dpl
Item type English Books
Source of classification or shelving scheme Dewey Decimal Classification
Classification part 345.5401
Call number suffix DAS
Holdings
Withdrawn status Lost status Not for loan Collection code Home library Current library Source of acquisition Cost, normal purchase price Full call number Barcode Copy number Cost, replacement price Koha item type
    Not For Loan Non-fiction D.B.Act.Division D.B.Act.Division DBAD/PUB 325.00 345.5401 DAS EN-69902 1 325.00 English Books

© Delhi Public Library
Hit Counter
free hit counter